Finančný model riadenia v PR agentúrach na príklade konkrétneho subjektu diplomová práca

Salvato in:
Dettagli Bibliografici
Autore principale: Viglaš, Ľuboš
Ente Autore: Fakulta hospodárskej informatiky EU. Katedra účtovníctva a audítorstva
Altri autori: Bednárová, Michaela, 1987-
Natura: Libro
Lingua:slovacco
Pubblicazione: Bratislava 2022
Tags: Aggiungi Tag
Nessun Tag, puoi essere il primo ad aggiungerne!!

MARC

LEADER 00000nbm a2200000 4500
001 0284368
005 20230320092101.6
041 0 |a slo 
044 |a SK 
245 1 0 |a Finančný model riadenia v PR agentúrach na príklade konkrétneho subjektu  |b diplomová práca  |c Ľuboš Viglaš ; školiteľ: Michaela Bednárová 
264 1 |a Bratislava  |c 2022 
300 |a 62 s. 
100 1 |a Viglaš, Ľuboš 
700 1 |a Bednárová, Michaela, 1987- 
710 2 |a Fakulta hospodárskej informatiky EU. Katedra účtovníctva a audítorstva